00851nam a22002417a 4500003000900000005001700009008002900026020001500055040002500070082002600095100003100121245006400152260003500216300003000251500003500281650003600316650003600352700001800388910004100406942001200447952013300459999001700592DO-SdBPM20250225083633.01607181999 xxu a spa d a0590130021 aDO-SdBPMbspacBPMSU 4a819.3bB772f 19992221 aBourgeois, Pauletted1951-10aFranklin´s class trip /cPaulette Bourgeois, Brenda Clark  aNew York : bScholastic,c1999 a[30] p. :bil. ;c23 cm.  aLibros infantiles en inglés  4aCuentos infantiles canadienses  4aLibros ilustrados para niños 1 aClark, Brenda aVMateo V. Control de calidad. BPMSU  2ddccBK 00102ddc40708CI-GaBPMETbBPMETd2025-02-25eFUNDIl0oBPMSU CGI 819.3 B772f 1999pBPMSU25020049r2025-02-25w2025-02-25yBK c14954d14954